| 000 | 00556nam a2200205 i 4500 | ||
|---|---|---|---|
| 001 | bgj | ||
| 100 | 1 |
_aMACCAIG, Norman _d(1910- ) |
|
| 245 | 1 | 0 |
_aThe Equal Skies / _cNorman MacCaig. |
| 260 |
_aLondon : _bChatto and Windus, _c1980= _bHogarth Press. |
||
| 300 |
_a64 pp ; _c22 cm. |
||
| 490 | 1 | _aThe Phoenix Living Poets | |
| 650 | 9 |
_aPoetry in English _y1945- |
|
| 830 | _aThe Phoenix Living Poets | ||
| 020 | _a0701124911 | ||
| 040 | _cBPK | ||
| 041 | 0 | _aeng | |
| 920 | _a0-7011-2491-1 | ||
| 942 | _cKS | ||
| 008 | s uk f |000 0 eng | ||
| 999 |
_c47515 _d47515 |
||
| 856 |
_uhttp://koha.tu.koszalin.pl/cgi-bin/koha/opac-detail.pl?biblionumber=47515 _yKatalog online BPK |
||